000 00235 a2200085 4500
020 _a9788125015345
100 _aWilliam F. Hornby and Melvyn Jones
245 _aAn Introduction to Settlement Geography
260 _bCambridge University
_c1991
999 _c13197
_d13197